Statistics for Superhero Movies by Villain

Click here to take the quiz!

General Stats

  • This quiz has been taken 64 times
  • The average score is 14 of 15

Answer Stats

HintAnswer% Correct
The RiddlerBatman: The Movie | Batman Forever | The Batman
100%
CatwomanBatman: The Movie | Batman Returns | Catwoman | The Dark Knight Rises | The Batman
100%
The PenguinBatman: The Movie | Batman Returns | The Batman
100%
The JokerBatman: The Movie | Batman | The Dark Knight | Suicide Squad | The LEGO Batman Movie | Joker
100%
LokiThor | The Avengers | Thor: The Dark World | Thor: Ragnarok
100%
Green GoblinSpider-Man | Spider-Man 3 | The Amazing Spider-Man 2 | Spider-Man: No Way Home
98%
Lex LuthorSuperman | Superman II | Superman IV: Quest For Peace | Superman Returns | Batman V. Superman: Dawn of Justice
98%
Harley QuinnSuicide Squad | Birds of Prey | The Suicide Squad
94%
VenomSpider-Man 3 | Venom | Venom: Let There Be Carnage
92%
Thanos
Avengers: Infinity War | Avengers: Endgame
89%
Scarlet WitchAvengers: Age of Ultron | Captain America: Civil War | Avengers: Infinity War | Doctor Strange in the Multiverse of Madness
85%
Doctor OctopusSpider-Man 2 | Spider-Man Into the Spider-Verse | Spider-Man: No Way Home
85%
KingpinDaredevil | Spider-Man Into the Spider-Verse
79%
General ZodSuperman II | Man of Steel
75%
Vampires and Zombies and Demons and GhostsBlade | Blade II | Blade: Trinity | Morbius | Doctor Strange in the Multiverse of Madness | Constantine | Ghostrider | Ghostrider: Spirit of Vengeance | Jonah Hex | Watchmen | Justice League | Thor: Ragnarok | Shazam!
58%

Score Distribution

Percentile by Number Answered

Percent of People with Each Score

Your Score History

You have not taken this quiz